Famous Works by Mahler - Statistics

General Stats
  • This quiz has been taken 72 times
  • The average score is 6 of 12
Answer Stats
Hint Answer % Correct
Nickname for his first symphony Titan
87%
Nickname for his eighth symphony Symphony of a {Thousand}
77%
Nickname for his second symphony Resurrection
70%
Mahler's only piece of chamber music {Piano Quartet} in A minor
57%
Symphonic work with texts based on Chinese poetry Das Lied von der Erde
54%
Nickname for his sixth symphony Tragic
54%
Song cycle with texts from the same poet as above {Kindertoten}lieder
46%
Discarded movement from the symphony above Blumine
38%
Song collection after a popular German folk poem collection Des Knaben Wunderhorn
30%
Collection of songs named after the poet who wrote the texts {Rückert}-Lieder
28%
Song cycle about somebody losing his love to another Songs of a Wayfarer
21%
Song from (the first version) of the above, used in the below Urlicht
21%
No matching quizzes found
Score Distribution
Percent of People with Each Score
Percentile by Number Answered
Your Score History
You have not taken this quiz